Marine engineering

Furkejuvvon:
Bibliográfalaš dieđut
Váldodahkki: Harrington, Roy (Dahkki)
Materiálatiipa: Girji
Giella:eaŋgalasgiella
Almmustuhtton: Nueva York The Society of Naval Architects and Marine Engineers 1971
Fáttát:
Fáddágilkorat: Lasit fáddágilkoriid
Eai fáddágilkorat, Lasit vuosttaš fáddágilkora!

MARC

LEADER 00000nam a2200000 a 4500
001 UCR5647
003 CL-VaPUC
008 980403e19710000US |||||||||||||||||eng|d
082 0 4 |a 623.8  |b HAR  |2 21 
100 0 |a Harrington, Roy  |e author  |9 406533 
245 1 0 |a Marine engineering 
300 |a 871 p 
942 |c BK 
945 |d 19980403 00:00:00  |a crobeson 
260 |a Nueva York  |b The Society of Naval Architects and Marine Engineers  |c 1971 
650 7 |a INGENIERIA NAVAL  |2 CL-VaPUC  |9 262110 
650 7 |a INGENIERIA TERMICA  |2 CL-VaPUC  |9 352309 
650 0 |a Termodinámica   |9 259320 
650 0 |a Arquitectura naval  |9 261969 
650 0 |a Ingeniería mecánica   |9 262089 
583 |a last modification  |c 19980403 00:00:00  |k Rodrigo Vera 
999 |c 268114  |d 268112